Roberts Birds of South Africa (Record no. 49697)
[ view plain ]
| 000 -LEADER | |
|---|---|
| fixed length control field | 00460nam a2200181Ia 4500 |
| 003 - CONTROL NUMBER IDENTIFIER | |
| control field | 0100 |
| 005 - DATE AND TIME OF LATEST TRANSACTION | |
| control field | 20190219084241.0 |
| 008 - FIXED-LENGTH DATA ELEMENTS--GENERAL INFORMATION | |
| fixed length control field | 130303s9999 xx 000 0 und d |
| 040 ## - CATALOGING SOURCE | |
| Transcribing agency | ARRUPELIB |
| 050 ## - LIBRARY OF CONGRESS CALL NUMBER | |
| Classification number | QL692.R6 1957 |
| 300 ## - PHYSICAL DESCRIPTION | |
| Dimensions | 23cm. |
| 100 ## - MAIN ENTRY--PERSONAL NAME | |
| Personal name | Roberts, Austin |
| 9 (RLIN) | 44724 |
| 245 ## - TITLE STATEMENT | |
| Title | Roberts Birds of South Africa |
| 250 ## - EDITION STATEMENT | |
| Edition statement | 3rd. ed. |
| 260 ## - PUBLICATION, DISTRIBUTION, ETC. (IMPRINT) | |
| Place of publication, distribution, etc | Cape Town |
| Name of publisher, distributor, etc | The Central News Agency LTD |
| Date of publication, distribution, etc | 1970 |
| 300 ## - PHYSICAL DESCRIPTION | |
| Extent | xxxii, 642p. ; |
| 650 ## - SUBJECT ADDED ENTRY--TOPICAL TERM | |
| Topical term or geographic name as entry element | Binds |
| Geographic subdivision | South Africa |
| 9 (RLIN) | 44725 |
| 700 ## - ADDED ENTRY--PERSONAL NAME | |
| Personal name | McLachlan, Geoffrey and Liversidge, R.(jt.eds) |
| 9 (RLIN) | 44726 |
| 942 ## - ADDED ENTRY ELEMENTS (KOHA) | |
| Source of classification or shelving scheme | Library of Congress Classification |
| Koha item type | Monograph ( Printed materials) |
| Withdrawn status | Lost status | Source of classification or shelving scheme | Damaged status | Not for loan | Collection code | Home library | Current library | Shelving location | Date acquired | Total Checkouts | Full call number | Barcode | Date last seen | Copy number | Price effective from | Koha item type |
|---|---|---|---|---|---|---|---|---|---|---|---|---|---|---|---|---|
| Library of Congress Classification | Main Collection | ARRUPE LIBRARY | ARRUPE LIBRARY | Main Collection | 04/03/2013 | QL692.R6 1957 | 46600003850 | 02/07/2019 | 1 | 04/03/2013 | Monograph ( Printed materials) | |||||
| Library of Congress Classification | Main Collection | ARRUPE LIBRARY | ARRUPE LIBRARY | Main Collection | 04/03/2013 | QL692.R6 1972 | 46004002937 | 02/07/2019 | 2 | 04/03/2013 | Monograph ( Printed materials) |